| 000 | 00366nam a22000977a 4500 | ||
|---|---|---|---|
| 999 |
_c508490 _d508490 |
||
| 082 | _aT2068x54521 P773/1984-85 | ||
| 100 |
_aPondicherry. Directorate of Economics and Statistics _93786 |
||
| 245 |
_aAnnual survey of industries, 1984-85 _cby Directorate of Economics and Statistics |
||
| 260 |
_aPondicherry _bDirectorate of Economics and Statistics _c1987 |
||
| 300 | _a97p. | ||